Návrh uplatnenia metód štíhlej výroby v spoločnosti Lear Corporation Seating Slovakia s.r.o.

Uložené v:
Podrobná bibliografia
Hlavný autor: Janík, Samuel (Autor)
Ďalší autori: Szabó, Peter (Vedúci práce)
Médium: Rukopis Kniha
Jazyk:Slovak
Vydavateľské údaje: 2020
Predmet:
On-line prístup:http://is.stuba.sk/zp/portal_zp.pl?podrobnosti=151286
Tagy: Pridať tag
Žiadne tagy, Buďte prvý, kto otaguje tento záznam!

MARC

LEADER 00000ntm a22000003a 4500
001 stuzp78390
003 SK-STU
005 20200704212048.0
007 ta
008 150427s2015----xo-----f-mn---000-0-slo-d
040 |a STU  |b slo 
041 0 |a slo 
100 1 |a Janík, Samuel  |u 064000  |k Z4  |4 aut  |U MTF Materiálovotechnologická fakulta  |T MTF Ústav priemyselného inžinierstva a manažmentu  |X 80146  |U M4000  |Y 84  |7 80146 
242 0 1 |a Proposal of Lean Manufacturing Methods Application in Lear Corporation Seating Slovakia s.r.o.  |y eng 
245 1 0 |a Návrh uplatnenia metód štíhlej výroby v spoločnosti Lear Corporation Seating Slovakia s.r.o. 
260 |c 2020 
650 4 |a štíhla výroba  |2 slo 
650 4 |a optimalizácia  |2 slo 
650 4 |a kaizen  |2 slo 
650 4 |a plytvanie  |2 slo 
650 4 |a mapovanie toku hodnôt  |2 slo 
650 4 |a value stream mapping  |2 eng 
650 4 |a lean manufacturing  |2 eng 
650 4 |a optimization  |2 eng 
650 4 |a kaizen  |2 eng 
700 1 |a Szabó, Peter  |u 064000  |k Z1  |4 ths  |U MTF Materiálovotechnologická fakulta  |T MTF Ústav priemyselného inžinierstva a manažmentu  |X 19244  |U M4000  |Y 84  |7 A000019244 
856 4 |u http://is.stuba.sk/zp/portal_zp.pl?podrobnosti=151286 
996 |c M* DP-14257  |l MMSKP  |s P  |a 0  |w stuzp78390_0001